| 000 | 00329nam a22001337a 4500 | ||
|---|---|---|---|
| 008 | 181024b xxu||||| |||| 00| 0 eng d | ||
| 020 | _a9780997108965 | ||
| 041 | _aeng | ||
| 080 |
_22 ED _a334.7 |
||
| 100 | _a55 | ||
| 101 | _aFIN | ||
| 245 |
_aNonprofit Accounting Financial Staements _cIttelson.TH.R |
||
| 942 |
_2udc _cBK |
||
| 999 |
_c50861 _d50861 |
||